000 00245nam a22000857a 4500
008 230714b |||||||| |||| 00| 0 eng d
020 _a9780983120537
100 _aPADULA DEREK
_97699
245 _aDRAGON BALL Z "IT'S OVER 9,000 WHEN WORLDVIEW'S COLLIDE
999 _c12375
_d12375